Statistiques concernant Frontières de la Macédoine du Nord

Cliquez ici pour prendre le quiz!

Statistiques générales

  • Ce quiz a été pris 61 fois
  • Le résultat moyen est 5 sur 5

Statistiques - réponses

Pays% Correct
Grèce
98%
Kosovo
98%
Albanie
97%
Serbie
97%
Bulgarie
95%

Distribution des résultats

Percentile par nombre de réponses

% des personnes avec chaque résultat

Votre développement - résultats

Vous n’avez pas pris ce quiz